52_東北地方の市町村(ひらがな対応・五十音順) - Statistics

General Stats
  • This quiz has been taken 75 times
  • The average score is 164 of 227
Answer Stats
種類 都道府県名 市町村名 % Correct
青森県 青森市
100%
秋田県 秋田市
100%
福島県 いわき市
100%
岩手県 盛岡市
96%
福島県 会津若松市
92%
岩手県 一関市
92%
岩手県 一戸町
92%
岩手県 奥州市
92%
岩手県 大船渡市
92%
岩手県 釜石市
92%
福島県 郡山市
92%
福島県 福島市
92%
山形県 山形市
92%
福島県 会津坂下町
88%
宮城県 石巻市
88%
福島県 猪苗代町
88%
岩手県 岩手町
88%
秋田県 大館市
88%
青森県 大間町
88%
山形県 尾花沢市
88%
山形県 上山市
88%
宮城県 加美町
88%
秋田県 北秋田市
88%
岩手県 北上市
88%
宮城県 気仙沼市
88%
福島県 桑折町
88%
青森県 三戸町
88%
宮城県 仙台市
88%
岩手県 二戸市
88%
岩手県 花巻市
88%
宮城県 南三陸町
88%
福島県 会津美里町
84%
青森県 鰺ヶ沢町
84%
青森県 田舎館村
84%
宮城県 岩沼市
84%
秋田県 男鹿市
84%
宮城県 女川町
84%
宮城県 角田市
84%
秋田県 潟上市
84%
福島県 喜多方市
84%
宮城県 栗原市
84%
青森県 五所川原市
84%
青森県 五戸町
84%
山形県 鮭川村
84%
宮城県 塩竈市
84%
青森県 七戸町
84%
宮城県 白石市
84%
山形県 新庄市
84%
福島県 須賀川市
84%
秋田県 仙北市
84%
福島県 只見町
84%
山形県 鶴岡市
84%
山形県 天童市
84%
宮城県 登米市
84%
宮城県 名取市
84%
福島県 二本松市
84%
青森県 八戸市
84%
岩手県 平泉町
84%
青森県 三沢市
84%
福島県 南相馬市
84%
岩手県 宮古市
84%
青森県 むつ市
84%
山形県 遊佐町
84%
秋田県 由利本荘市
84%
山形県 米沢市
84%
青森県 六戸町
84%
岩手県 金ケ崎町
80%
山形県 | 福島県 金山町
80%
秋田県 上小阿仁村
80%
岩手県 久慈市
80%
岩手県 九戸村
80%
青森県 黒石市
80%
山形県 酒田市
80%
福島県 相馬市
80%
秋田県 大仙市
80%
宮城県 多賀城市
80%
岩手県 滝沢市
80%
福島県 田村市
80%
岩手県 遠野市
80%
青森県 十和田市
80%
山形県 長井市
80%
山形県 南陽市
80%
秋田県 にかほ市
80%
秋田県 能代市
80%
岩手県 八幡平市
80%
宮城県 東松島市
80%
福島県 檜枝岐村
80%
青森県 弘前市
80%
秋田県 湯沢市
80%
岩手県 陸前高田市
80%
青森県 六ヶ所村
80%
宮城県 亘理町
80%
青森県 今別町
76%
岩手県 岩泉町
76%
青森県 おいらせ町
76%
山形県 大石田町
76%
秋田県 大潟村
76%
宮城県 大崎市
76%
宮城県 大衡村
76%
青森県 大鰐町
76%
秋田県 鹿角市
76%
山形県 寒河江市
76%
岩手県 雫石町
76%
福島県 白河市
76%
岩手県 紫波町
76%
福島県 伊達市
76%
青森県 つがる市
76%
福島県 浪江町
76%
福島県 西会津町
76%
秋田県 八郎潟町
76%
山形県 東根市
76%
青森県 平川市
76%
青森県 深浦町
76%
福島県 南会津町
76%
山形県 村山市
76%
岩手県 山田町
76%
秋田県 横手市
76%
青森県 横浜町
76%
青森県 蓬田村
76%
山形県 飯豊町
72%
青森県 板柳町
72%
福島県 大熊町
72%
宮城県 川崎町
72%
青森県 佐井村
72%
宮城県 蔵王町
72%
山形県 庄内町
72%
山形県 高畠町
72%
青森県 東北町
72%
宮城県 富谷市
72%
青森県 野辺地町
72%
岩手県 洋野町
72%
福島県 広野町
72%
青森県 藤崎町
72%
宮城県 松島町
72%
岩手県 矢巾町
72%
福島県 石川町
68%
秋田県 羽後町
68%
宮城県 大河原町
68%
岩手県 大槌町
68%
福島県 鮫川村
68%
宮城県 柴田町
68%
岩手県 田野畑村
68%
青森県 中泊町
68%
青森県 階上町
68%
福島県 双葉町
68%
宮城県 丸森町
68%
山形県 三川町
68%
秋田県 美郷町
68%
宮城県 美里町
68%
山形県 最上町
68%
福島県 本宮市
68%
福島県 小野町
64%
青森県 風間浦村
64%
岩手県 葛巻町
64%
福島県 国見町
64%
宮城県 七ヶ宿町
64%
山形県 白鷹町
64%
岩手県 住田町
64%
宮城県 大和町
64%
福島県 西郷村
64%
福島県 塙町
64%
秋田県 東成瀬村
64%
秋田県 藤里町
64%
岩手県 普代村
64%
宮城県 村田町
64%
福島県 矢祭町
64%
宮城県 利府町
64%
福島県 飯舘村
60%
山形県 大江町
60%
山形県 小国町
60%
岩手県 軽米町
60%
福島県 北塩原村
60%
秋田県 小坂町
60%
秋田県 五城目町
60%
宮城県 色麻町
60%
宮城県 七ヶ浜町
60%
青森県 田子町
60%
青森県 南部町
60%
岩手県 西和賀町
60%
岩手県 野田村
60%
秋田県 八峰町
60%
福島県 磐梯町
60%
青森県 東通村
60%
青森県 平内町
60%
山形県 真室川町
60%
福島県 矢吹町
60%
宮城県 山元町
60%
秋田県 井川町
56%
福島県 泉崎村
56%
山形県 大蔵村
56%
福島県 大玉村
56%
福島県 昭和村
56%
青森県 新郷村
56%
福島県 新地町
56%
青森県 外ヶ浜町
56%
福島県 棚倉町
56%
青森県 鶴田町
56%
福島県 楢葉町
56%
青森県 西目屋村
56%
福島県 三島町
56%
福島県 三春町
56%
福島県 湯川村
56%
宮城県 涌谷町
56%
山形県 朝日町
52%
宮城県 大郷町
52%
山形県 河北町
52%
福島県 天栄村
52%
山形県 西川町
52%
福島県 柳津町
52%
福島県 浅川町
48%
福島県 鏡石町
48%
山形県 川西町
48%
福島県 川俣町
48%
福島県 玉川村
48%
福島県 平田村
48%
山形県 山辺町
48%
福島県 葛尾村
44%
福島県 富岡町
44%
秋田県 三種町
44%
福島県 下郷町
40%
山形県 戸沢村
40%
福島県 中島村
40%
山形県 舟形町
40%
福島県 古殿町
40%
福島県 川内村
36%
山形県 中山町
36%
No matching quizzes found
Score Distribution
Percent of People with Each Score
Percentile by Number Answered
Your Score History
You have not taken this quiz